Ensayos políticos
Saved in:
| Main Author: | |
|---|---|
| Other Authors: | |
| Format: | Book |
| Language: | Spanish English |
| Published: |
Madrid :
Centro de Estudios Constitucionales,
1982.
|
| Edition: | 2a. ed. |
| Series: | Civitas
|
| Subjects: |
MARC
| LEADER | 00000nam#a22000005a#4500 | ||
|---|---|---|---|
| 001 | 017163 | ||
| 005 | 20160721153802.0 | ||
| 008 | 050414s1982####sp############000#0#spa#d | ||
| 020 | |a 8425906598 | ||
| 041 | 1 | |a pa |h eng | |
| 099 | |a 01-H44 | ||
| 100 | 1 | |a Hume, David |d 1711-1776 | |
| 245 | 0 | 2 | |a Ensayos políticos |c David Hume ; traducción de Enrique Tierno Galván. |
| 250 | |a 2a. ed. | ||
| 260 | |a Madrid : |b Centro de Estudios Constitucionales, |c 1982. | ||
| 300 | |a xxxvi, 435 p. ; |c 19 cm. | ||
| 490 | 0 | |a Civitas | |
| 650 | 4 | |a Política | |
| 650 | 4 | |a Filosofía | |
| 650 | 4 | |a Población | |
| 650 | 4 | |a Comercio | |
| 650 | 7 | |a Estado |2 toit | |
| 653 | |a Modernidad | ||
| 653 | |a Siglo XVIII | ||
| 700 | 1 | |a Tierno Galván, Enrique |4 trl | |
| 929 | |a DONACION |b Embajada de España |d 0 |e 20040826 |j 37116 | ||
| 942 | |c LIB |n 0 | ||
| 999 | |c 17688 |d 93075 | ||